000 01351nam a2200313 4500
003 EG-GICUC
005 20260212100754.0
008 251211m14061986su ||||fr|||| 00| 0 ara d
040 _a EG-GICUC
_bara
_c EG-GICUC
_d EG-GICUC
_erda
041 _aara
082 0 4 _221
_a343.437
_bم ر . م
092 0 4 _221
099 _aLaw1 10 343.425 م ر . م 1986
110 2 _aالمركز العربى للدراسات الأمنية والتدريب
_eمؤلف.
245 1 2 _aالمسئولية الأمنية للمرافق الإعلامية فى الدول العربية /
_cالمركز العربى للدراسات الأمنية والتدريب.
264 1 _aالرياض :
_bالمركز العربى للدراسات الأمنية والتدريب،
_c1986.
300 _a385 صفحة ؛
_c24 سم.
336 _2rda content
_atext
337 _2rda media
_aComputer
338 _2rda carrier
_aOnline Resource
504 _aيحتوي على ارجاعات ببليوجرافية
546 _aالنص أغلبه باللغة العربية مع بعض النصوص الإنجليزية
650 1 4 _aالإتجاة التكويني
_2qrmak
650 1 4 _aالمسئولية الأمنية
651 1 _2qrmak
856 4 0 _uhttps://fll.law.cu.edu.eg/fulltext/bks/B10-07169.pdf
905 _a75
_eHassnaa
942 _2ddc
_n0
_cBK
_e21
999 _c49837
_d49837